An evolutionary approach to entrepreneurship : selected essays
| Main Author: | Aldrich, Howard |
|---|---|
| Published: |
Cheltenham, UK:
Edward Elgar,
2011.
|
| Subjects: |
| LEADER | 00573cam a2200169 7i4500 | ||
|---|---|---|---|
| 001 | 0000043035 | ||
| 005 | 20130301090000.0 | ||
| 020 | |a 9780857933362 (hbk.) | ||
| 020 | |a 0857933361 (hbk.) | ||
| 090 | 0 | 0 | |a HB615 |b .A65 2011 |
| 100 | 1 | |a Aldrich, Howard | |
| 245 | 1 | 3 | |a An evolutionary approach to entrepreneurship : |b selected essays |c by Howard E. Aldrich. |
| 260 | |a Cheltenham, UK: |b Edward Elgar, |c 2011. | ||
| 300 | |a xxi, 595 p.: |b ill.; |c 24 cm. | ||
| 650 | 0 | 0 | |a Entrepreneurship |
| 997 | |a Centre for Graduate Studies | ||
| 999 | |a 0000052129 |b BOK |c OPEN SHELF |e 1st Floor, Bestari Jaya | ||


